LEADER 01247nam 2200361 450 001 000012108 005 20050718115400.0 010 $a0-08-023826-2 100 $a20030402d1980----km-y0itay0103----ba 101 0 $aeng 102 $aGB 200 1 $aNuclear chemistry$etheory and applications$fby Gregory R. Choppin and Jan Rydberg 210 $aOxford...[etc.]$cPergamon Press$d1980 215 $aVIII, 667 p.$cill.$d26 cm. 606 $aChimica nucleare 676 $a541.38$v(21. ed.)$9Radiochimica 700 1$aChoppin,$bGregory R.$045739 701 1$aRydberg,$bJan$093570 801 0$aIT$bUniversità della Basilicata - B.I.A.$gRICA$2unimarc 912 $a000012108 996 $aNuclear chemistry$978233 997 $aUNIBAS BAS $aSCIENZE CAT $aSTD018$b01$c20030402$lBAS01$h1612 CAT $aSTD018$b01$c20030402$lBAS01$h1710 CAT $aTORRE$b20$c20030403$lBAS01$h1626 CAT $c20050601$lBAS01$h1754 CAT $abatch$b01$c20050718$lBAS01$h1051 CAT $c20050718$lBAS01$h1110 CAT $c20050718$lBAS01$h1140 CAT $c20050718$lBAS01$h1154 FMT Z30 -1$lBAS01$LBAS01$mBOOK$1BASA2$APolo Tecnico-Scientifico$2DID$BDidattica$3PTS.s2.p11.18$6726$5S726$820030402$f98$FConsultazione